| 000 | 00335nam a22001217a 4500 | ||
|---|---|---|---|
| 020 | _a9788131787465 | ||
| 082 |
_222 _a658.4038 |
||
| 100 | _aLaudon, Kemmeth C and Laudon, Jane P. | ||
| 245 | _aManagement information systems 12E / | ||
| 260 |
_aNew Delhi, _bPearson, _cc2013. |
||
| 300 |
_axxxi, 119p. ; _bill. ; _c23 cm. |
||
| 942 |
_2ddc _cMAG |
||
| 999 |
_c1258 _d1258 |
||